000 00558nam a2200241Ia 4500
003 OSt
005 20220912145626.0
006 a|||||r|||| 00| 0
007 ta
008 220909b |||||||| |||| 00| 0 eng d
024 _a71600
037 _cTextual
040 _aCSL
_beng
_cCSL
041 _aeng
082 _aL35:4, K2
100 _aSeegers Walters H
245 0 _aProthrombin
260 _c1962
300 _ap.
_ccm.
650 _aHuman blood
942 _hL35:4, K2
_cTEXL
_2CC
999 _c35007
_d35007